Charta základných práv EÚ
Charta základných práv EÚ vstúpila do platnosti 1. 12. 2009. Význam Charty ako nového katalógu ľudských práv. Sociálne práva zakotvené v Charte. Prínos pre ochranu sociálnych práv. Negatívny dopad na vnímanie sociálnych práv.
Salvato in:
| Autore principale: | |
|---|---|
| Natura: | Capitolo di libro |
| Lingua: | slovacco |
| Soggetti: | |
| Tags: |
Nessun Tag, puoi essere il primo ad aggiungerne!!
|
MARC
| LEADER | 00000naa$a2200000$$$4500 | ||
|---|---|---|---|
| 001 | 0110855 | ||
| 005 | 20231120112735.4 | ||
| 041 | 0 | |a slo | |
| 044 | |a SK | ||
| 245 | 1 | 0 | |a Charta základných práv EÚ |c Jozef Toman |
| 520 | |a Charta základných práv EÚ vstúpila do platnosti 1. 12. 2009. Význam Charty ako nového katalógu ľudských práv. Sociálne práva zakotvené v Charte. Prínos pre ochranu sociálnych práv. Negatívny dopad na vnímanie sociálnych práv. | ||
| 610 | 2 | 0 | |a práva ľudské |
| 610 | 2 | 0 | |a Európska únia |
| 610 | 2 | 0 | |a charta |
| 610 | 2 | 0 | |a práva sociálne |
| 100 | 1 | |a Toman, Jozef | |